00731nam a2200181 a 450000100100000000500170001000800410002702000150006804000250008308200150010810000290012324501590015226000560031130000260036770000260039395201130041999900170053200003654820200930075807.0120120s1994 azua 000 0 spa d a0962479888 aDO-SdBNPbspacBNPHU axxxbL223m1 aLambesis, Barbara96280110aMaking more money retailing :blow-cost ideas for successful merchandising and boosting profits from your retail store /cBarbara Lambesis, Susan Ratliff. aPhoenix, Arizona :bMarketing Methods Press,c1994. av, 137 p. ; :b23 cm.1 aRatliff, Susan962802 001050718MOaGRbGRcCTd2012-01-20iLF1l0oxxx L223mp36548-10r2020-06-25w2020-06-25y1ZNo se presta c36039d36039